000 00868nam a2200253 a 4500
003 MX-MxUPN
005 20241001063935.0
008 991125s1917 sp a fr 001 0 spa d
035 _aUPN01000025727
040 _aMX-MxUPN
_bspa
_cMX-MxUPN
041 0 _aspa
_eeng
050 1 4 _aLB1115
_bK538
100 1 _aKirkpatrick, Edwin A.
_q(Edwin Asbury),
_d1862-1937
_952996
245 1 4 _aLos fundamentos del estudio del niño
260 _aMadrid :
_bDaniel Jorro, editor,
_c1917.
300 _a475 páginas :
_bilustraciones
490 0 _aBiblioteca científico-filosófica
504 _aIncluye índice.
650 4 _aNiño, Estudio del
_9221
700 1 _aBarnés, Domingo,
_d1879-1940
_935469
_etraducción
710 2 _aInstituto Nacional de Investigación Educativa (México)
_epropietario anterior
_928086
902 _bMaríaRobles/010924
942 _2lcc
_cLIBRO
_n0
999 _c25727
_d25727